000 00429nam a22001577a 4500
020 _a9789332543515
040 _cNUST
082 _a006.3 RUS
100 _aRussell, Stuart J
_984030
110 _aNorving ,Peter
_9111606
245 _aArtifical Intelligence:
_bA Modern Approach
250 _a3rd edition
260 _aIndia:
_bPearson,
_c2016.
650 _aDCE.TEXTBOOK ARTIFICIAL INTERLLIGENCE
_9111607
942 _2ddc
_cTEXT
999 _c594397
_d594397